000 00513nam a22001577a 4500
999 _c3807
_d3807
008 200701b ||||| |||| 00| 0 eng d
020 _a0070990573
082 0 0 _a629.83
_bD6141
100 _92041
_aDistefano, Joseph J.
245 1 0 _aSchaum's outline of theory and problems of feedback and control systems /
_cby Joseph J. Distefano and Allen R. Stubberud
260 _aSingapore
_bMcGraw Hill
_c1983
300 _a371 p.
650 0 _aFeedback control systems
700 _93145
_aStubberud, Allen R.
942 _cBK